Ninoy Aquino: (Record no. 292233)
[ view plain ]
| 000 -LEADER | |
|---|---|
| fixed length control field | 00618nam a2200205Ia 4500 |
| 008 - FIXED-LENGTH DATA ELEMENTS--GENERAL INFORMATION | |
| fixed length control field | 160319s9999 xx 000 0 und d |
| 050 ## - LIBRARY OF CONGRESS CALL NUMBER | |
| Classification number | 920 |
| 050 ## - LIBRARY OF CONGRESS CALL NUMBER | |
| Item number | P766n 1986 |
| 100 ## - MAIN ENTRY--PERSONAL NAME | |
| Personal name | Policarpio, Alfonso P. |
| 245 ## - TITLE STATEMENT | |
| Title | Ninoy Aquino: |
| 245 ## - TITLE STATEMENT | |
| Remainder of title | the Willing Martyr / |
| 245 ## - TITLE STATEMENT | |
| Statement of responsibility, etc | Alfonso P. Policarpio, Jr. |
| 260 ## - PUBLICATION, DISTRIBUTION, ETC. (IMPRINT) | |
| Name of publisher, distributor, etc | Isaiah Books Inc. |
| 260 ## - PUBLICATION, DISTRIBUTION, ETC. (IMPRINT) | |
| Date of publication, distribution, etc | 1986 |
| 300 ## - PHYSICAL DESCRIPTION | |
| Extent | 220 pages : |
| 300 ## - PHYSICAL DESCRIPTION | |
| Other physical details | illustrations : |
| 650 ## - SUBJECT ADDED ENTRY--TOPICAL TERM | |
| Topical term or geographic name as entry element | Aquino, Benigno S., -- Jr., -- 1932-1983. |
| 650 ## - SUBJECT ADDED ENTRY--TOPICAL TERM | |
| Topical term or geographic name as entry element | Philippines -- Politics and government -- 1946-1973. |
| 650 ## - SUBJECT ADDED ENTRY--TOPICAL TERM | |
| Topical term or geographic name as entry element | Philippines -- Politics and government -- 1973-1986. |
| Withdrawn status | Lost status | Damaged status | Home library | Current library | Shelving location | Date acquired | Total Checkouts | Full call number | Barcode | Date last seen | Price effective from | Koha item type |
|---|---|---|---|---|---|---|---|---|---|---|---|---|
| Stonyhurst Southville International School (Batangas) | Stonyhurst Southville International School (Batangas) | Filipiniana Section | 03/19/2016 | Fil 920 P766n 1986 | US 0909 | 03/19/2016 | 03/19/2016 | Books |